<?xml version="1.0" encoding="UTF-8"?>
<record
    xmlns:xsi="http://www.w3.org/2001/XMLSchema-instance"
    xsi:schemaLocation="http://www.loc.gov/MARC21/slim http://www.loc.gov/standards/marcxml/schema/MARC21slim.xsd"
    xmlns="http://www.loc.gov/MARC21/slim">

  <leader>02451nam a22002537a 4500</leader>
  <datafield tag="952" ind1=" " ind2=" ">
    <subfield code="0">0</subfield>
    <subfield code="1">0</subfield>
    <subfield code="4">0</subfield>
    <subfield code="7">0</subfield>
    <subfield code="a">11</subfield>
    <subfield code="b">11</subfield>
    <subfield code="d">2017-05-04</subfield>
    <subfield code="l">1</subfield>
    <subfield code="o">LB1028.25M6 F68 2012</subfield>
    <subfield code="p">11 013423</subfield>
    <subfield code="r">2024-06-04</subfield>
    <subfield code="s">2024-06-04</subfield>
    <subfield code="t">1</subfield>
    <subfield code="w">2017-05-04</subfield>
    <subfield code="y">LB</subfield>
  </datafield>
  <datafield tag="999" ind1=" " ind2=" ">
    <subfield code="c">101901</subfield>
    <subfield code="d">101901</subfield>
  </datafield>
  <controlfield tag="008">170504s2012    mx ||||| |||| 00| 0 spa d</controlfield>
  <datafield tag="020" ind1=" " ind2=" ">
    <subfield code="a">9788499692142</subfield>
  </datafield>
  <datafield tag="050" ind1=" " ind2=" ">
    <subfield code="a">LB1028.25M6</subfield>
    <subfield code="b">F68 2012</subfield>
  </datafield>
  <datafield tag="245" ind1=" " ind2=" ">
    <subfield code="a">La formaci&#xF3;n de investigadores en educaci&#xF3;n y la producci&#xF3;n del conocimiento </subfield>
    <subfield code="b">: el caso del doctorado en educaci&#xF3;n de la UATx </subfield>
    <subfield code="c">/ coordinadores  Alicia Colina Escalante; &#xC1;ngel D&#xED;az-Barriga </subfield>
  </datafield>
  <datafield tag="260" ind1=" " ind2=" ">
    <subfield code="a">M&#xE9;xico </subfield>
    <subfield code="b">: Ediciones D&#xED;az de Santos </subfield>
    <subfield code="b">; Universidad Aut&#xF3;noma de Tlaxcala</subfield>
    <subfield code="c">, 2012</subfield>
  </datafield>
  <datafield tag="300" ind1=" " ind2=" ">
    <subfield code="a">417 p&#xE1;ginas</subfield>
  </datafield>
  <datafield tag="336" ind1=" " ind2=" ">
    <subfield code="a">texto</subfield>
  </datafield>
  <datafield tag="337" ind1=" " ind2=" ">
    <subfield code="a">sin medio</subfield>
  </datafield>
  <datafield tag="338" ind1=" " ind2=" ">
    <subfield code="a">volumen</subfield>
  </datafield>
  <datafield tag="500" ind1=" " ind2=" ">
    <subfield code="a">Incluye Introducci&#xF3;n (pp. 9 - 14)</subfield>
  </datafield>
  <datafield tag="505" ind1=" " ind2=" ">
    <subfield code="a">Posgrado en educaci&#xF3;ny la formaci&#xF3;n en investigaci&#xF3;n. El caso de la Universidad Aut&#xF3;noma de Tlaxcala   
Educaci&#xF3;n personalizante y transformaci&#xF3;n docente: abriendo caminos y explorando perspectivas en un doctorado de recien creaci&#xF3;n 
Orientaci&#xF3;n educativa en alumnos de bachillerato (estudio de caso: Bachillerato del Colegio Madrid A.C.)  
Aprendiendo a investigar a partir de un tema espec&#xED;fico: Los agentes de la investigaci&#xF3;n educativa en M&#xE9;xico: capitales y habitus  
La profesionalizaci&#xF3;n de la enfermer&#xED;a en M&#xE9;xico. Un an&#xE1;lisis al cursar el doctorado en educaci&#xF3;n en la Universidad Aut&#xF3;noma de Tlaxcala  
La soluci&#xF3;n de problemas en los procesos de construcci&#xF3;n del conocimiento de las ecuaciones de primer grado en el bachillerato  
trayectorias laborales de bi&#xF3;logos agropecuarios de la Universidad Auton&#xF3;ma de Tlaxcala  
Evaluaci&#xF3;n del desempe&#xF1;o docente y pago al m&#xE9;rito en instituciones de educaci&#xF3;n superior (El caso de la Universidad Aut&#xF3;noma de Tlaxcala)  
La tutoria entre iguales en las universidades p&#xFA;blicas de M&#xE9;xico  
Pr&#xE1;cticas socio-discursivas de estudiantes de licenciatura en Filosof&#xED;a de la Universidad Aut&#xF3;noma de Tlaxcala  
El saber hacer del docente ante el trastorno por d&#xE9;ficit de atenci&#xF3;n con o sin hiperactividad   
La construcci&#xF3;n del habitus de investigador en educaci&#xF3;n a trav&#xE9;s de su investigaci&#xF3;n de grado.
</subfield>
  </datafield>
  <datafield tag="519" ind1=" " ind2=" ">
    <subfield code="a">Material  complementario / </subfield>
    <subfield code="b">Pedagog&#xED;a / </subfield>
    <subfield code="d">(11 013423)</subfield>
  </datafield>
  <datafield tag="650" ind1=" " ind2="0">
    <subfield code="a">EDUCACI&#xD3;N</subfield>
    <subfield code="x">INVESTIGACI&#xD3;N</subfield>
    <subfield code="z">M&#xC9;XICO</subfield>
  </datafield>
  <datafield tag="650" ind1=" " ind2="0">
    <subfield code="a">INVESTIGACI&#xD3;N ACTIVA EN EDUCACI&#xD3;N</subfield>
    <subfield code="z">M&#xC9;XICO</subfield>
  </datafield>
  <datafield tag="700" ind1=" " ind2=" ">
    <subfield code="a">Alicia Colina Escalante</subfield>
    <subfield code="e">coordinador</subfield>
  </datafield>
  <datafield tag="700" ind1=" " ind2=" ">
    <subfield code="a">D&#xED;az-Barriga, &#xC1;ngel</subfield>
    <subfield code="e">coordinador</subfield>
  </datafield>
  <datafield tag="942" ind1=" " ind2=" ">
    <subfield code="c">LB</subfield>
    <subfield code="2">lcc</subfield>
  </datafield>
</record>
